Top 20 Fifa 17 BPL players Quiz Stats

Quiz not verified by Sporcle

Challenge
Share
Tweet
Embed
Score 0/20 Timer 05:00
0 Plays Today
Rating Player % Correct
90Zlatan Ibrahimovic
97.7%
89Mesut Ozil
93.7%
88Eden Hazard
92.4%
89Sergio Aguero
92.3%
88Paul Pogba
91.8%
87Alexis Sanchez
91.4%
88Petr Cech
86.5%
86Dimitri Payet
85.5%
89Thibaut Courtois
85.1%
88Hugo Lloris
84.8%
Rating Player % Correct
90David De Gea
84.6%
85Diego Costa
81.5%
87David Silva
80.8%
85Philippe Coutinho
78.7%
88Kevin De Bruyne
74.9%
86Vincent Kompany
70.5%
86Cesc Fabregas
68.6%
85Willian
65.9%
85Laurent Koscielny
61.6%
86Santi Cazorla
60.7%

You're not logged in!

Compare scores with friends on all Sporcle quizzes.
Sign Up with Email
OR
Log In

You Might Also Like...

Show Comments

Extras

Top Quizzes Today


Score Distribution

Your Account Isn't Verified!

In order to create a playlist on Sporcle, you need to verify the email address you used during registration. Go to your Sporcle Settings to finish the process.

Report this User

Report this user for behavior that violates our Community Guidelines.

Details: